000 01773nam0a2200397 4500
001 RU\NLR\BIBL_A\012113545
005 20191018154244.0
010 _a978-5-09-073176-8
_9500
021 _aRU
_bКН-П-19-067316
_9КН-П-19-4840
035 _a(NLR Aleph) 012113545
035 _a(RuMoRGB)010086867
090 _a11953890
_c11953890
100 _a20191007d2020 u y0rusy50 ca
101 0 _arus
102 _aRU
105 _ay|||j|||000zy
200 1 _aДети с расстройствами аутистического спектра
_eучебное пособие для общеобразовательных организаций
_fО. С. Никольская, С. А. Розенблюм
205 _a2-е изд.
210 _aМосква
_cПросвещение
_d2020 [т.е. 2019]
215 _a43 с.
_d21
225 1 _aФГОС ОВЗ
225 1 _aРаботаем по ФГОС ОВЗ
225 1 _aУчителю о детях с ограниченными возмождностями здоровья
300 _aФактическая дата выхода в свет - 2019
320 _aБиблиогр.: с. 41-43 (25 назв.)
606 1 _aДети с аутизмом
_xВоспитание и обучение
_jУчебные издания
_2nlr_sh2
_3RU\NLR\AUTH\661477654
610 0 _aаутизм
610 0 _aдети-аутисты
686 1 _aЧ439.712.210.3я7
700 1 _aНикольская
_bО. С.
_cд-р психол. наук
_gОльга Сергеевна
_3RU\NLR\AUTH\7744753
701 1 _aРозенблюм
_bС. А.
_gСофья Александровна
942 _cBOOK
980 _aNBR
980 _aNB